| 000 | 00742nam a2200205Ia 4500 | ||
|---|---|---|---|
| 003 | GCL | ||
| 005 | 20240530102902.0 | ||
| 008 | 140319s9999 xx 000 0 ara d | ||
| 040 |
_aGCL / _cGCL |
||
| 082 | 0 | 4 |
_a811.9 _bا ش |
| 100 | 1 | _aاحمد شوقى | |
| 245 | 1 | 2 |
_aالشوقيات / _cاحمد شوقى. _nالجزء الاول : _pفى السياسة والتاريخ والاجتماع _nالجزء الثانى : _pفى المرائى |
| 260 |
_aبيروت : _bدار العودة للصحافة والطباعه ، _c1988 |
||
| 300 |
_a2 مج. ؛ _c24 سم. |
||
| 650 | 0 | 4 | _aالشعر العربى |
| 650 | 0 | 4 | _aالادب العربى |
| 650 | 0 | 4 | _aالعصر الحديث |
| 650 | 0 | 4 | _aاحمد شوقى |
| 942 |
_2ddc _cBK |
||
| 999 |
_c35141 _d35141 |
||